Think smart : a neuroscientist's prescription for improving your brain's performance (Record no. 11908)

000 -LEADER
fixed length control field 01479cam a2200361 a 4500
001 - CONTROL NUMBER
control field 15601025
005 - DATE AND TIME OF LATEST TRANSACTION
control field 20170105102350.0
008 - FIXED-LENGTH DATA ELEMENTS--GENERAL INFORMATION
fixed length control field 090127s2009 nyua b 001 0 eng
010 ## - LIBRARY OF CONGRESS CONTROL NUMBER
LC control number 2009002517
015 ## - NATIONAL BIBLIOGRAPHY NUMBER
National bibliography number GBA945257
Source bnb
016 7# - NATIONAL BIBLIOGRAPHIC AGENCY CONTROL NUMBER
Record control number 015175638
Source Uk
020 ## - INTERNATIONAL STANDARD BOOK NUMBER
International Standard Book Number 9781594488733
020 ## - INTERNATIONAL STANDARD BOOK NUMBER
International Standard Book Number 1594488738
035 ## - SYSTEM CONTROL NUMBER
System control number (OCoLC)ocn262428484
040 ## - CATALOGING SOURCE
Original cataloging agency DLC
Transcribing agency DLC
Modifying agency BTCTA
-- YDXCP
-- C#P
-- UKM
-- BWX
-- DLC
050 00 - LIBRARY OF CONGRESS CALL NUMBER
Classification number QP398
Item number .R47 2009
082 00 - DEWEY DECIMAL CLASSIFICATION NUMBER
Classification number 612.82
Edition number 22
100 1# - MAIN ENTRY--PERSONAL NAME
Personal name Restak, Richard M.,
Dates associated with a name 1942-
245 10 - TITLE STATEMENT
Title Think smart : a neuroscientist's prescription for improving your brain's performance
Remainder of title a neuroscientist's prescription for improving your brain's performance
Statement of responsibility, etc. Richard Restak.
260 ## - PUBLICATION, DISTRIBUTION, ETC.
Place of publication, distribution, etc. New York :
Name of publisher, distributor, etc. Riverhead Books,
Date of publication, distribution, etc. 2009.
300 ## - PHYSICAL DESCRIPTION
Extent 275 p. :
Other physical details ill. ;
Dimensions 22 cm.
504 ## - BIBLIOGRAPHY, ETC. NOTE
Bibliography, etc. note Includes bibliographical references (p. [259]-266) and index.
650 #0 - SUBJECT ADDED ENTRY--TOPICAL TERM
Topical term or geographic name entry element Brain
General subdivision Aging
-- Prevention.
650 #0 - SUBJECT ADDED ENTRY--TOPICAL TERM
Topical term or geographic name entry element Mental work.
650 #0 - SUBJECT ADDED ENTRY--TOPICAL TERM
Topical term or geographic name entry element Nutrition.
650 #0 - SUBJECT ADDED ENTRY--TOPICAL TERM
Topical term or geographic name entry element Mind and body.
650 #0 - SUBJECT ADDED ENTRY--TOPICAL TERM
Topical term or geographic name entry element Self-care, Health.
856 42 - ELECTRONIC LOCATION AND ACCESS
Materials specified Contributor biographical information
Uniform Resource Identifier <a href="http://www.loc.gov/catdir/enhancements/fy0913/2009002517-b.html">http://www.loc.gov/catdir/enhancements/fy0913/2009002517-b.html</a>
856 42 - ELECTRONIC LOCATION AND ACCESS
Materials specified Publisher description
Uniform Resource Identifier <a href="http://www.loc.gov/catdir/enhancements/fy0913/2009002517-d.html">http://www.loc.gov/catdir/enhancements/fy0913/2009002517-d.html</a>
906 ## - LOCAL DATA ELEMENT F, LDF (RLIN)
a 7
b cbc
c orignew
d 1
e ecip
f 20
g y-gencatlg
942 ## - ADDED ENTRY ELEMENTS (KOHA)
Source of classification or shelving scheme
Koha item type Book
Holdings
Withdrawn status Lost status Damaged status Not for loan Collection code Permanent Location Current Location Shelving location Date acquired Source of acquisition Cost, normal purchase price Total Checkouts Total Renewals Full call number Barcode Checked out Date last seen Date last checked out Price effective from Koha item type
          Central Library (CL) Central Library (CL) General Stacks 06/01/2013 Progressive International Agencies 1657.30 3 1 612.82 RES SEECS012415 09/11/2023 03/08/2023 02/02/2019 06/10/2013 Book
© 2023 Central Library, National University of Sciences and Technology. All Rights Reserved.